Xabi Alonso's Leverkusen - Statistics

General Stats
  • This quiz has been taken 25 times
  • The average score is 24 of 46
Answer Stats
Rank Player Position Nationality Matches Goals Assists % Correct
11 Alejandro Grimaldo Left-Back 99 16 33
100%
5 Florian Wirtz Attacking Midfield 119 38 43
100%
2 Jeremie Frimpong Right-Back 131 26 33
100%
1 Jonathan Tah Centre-Back 133 11 2
100%
10 Granit Xhaka Defensive Midfield 99 6 9
96%
7 Lukas Hradecky Goalkeeper 107 0 0
96%
12 Patrik Schick Centre-Forward 89 41 7
96%
6 Robert Andrich Defensive Midfield 110 10 8
92%
16 Victor Boniface Centre-Forward 61 32 12
92%
3 Edmond Tapsoba Centre-Back 125 5 5
88%
4 Piero Hincapié Centre-Back 121 5 4
88%
9 Exequiel Palacios Central Midfield 100 11 13
83%
21 Moussa Diaby Right Winger 36 13 9
75%
15 Jonas Hofmann Attacking Midfield 63 11 14
71%
13 Nathan Tella Right Midfield 79 10 11
71%
17 Odilon Kossounou Centre-Back 60 1 0
71%
14 Adam Hlozek Second Striker 70 13 11
67%
8 Amine Adli Left Winger 105 19 21
67%
19 Josip Stanisic Right-Back 38 4 6
67%
23 Matej Kovar Goalkeeper 32 0 0
67%
18 Aleix García Central Midfield 42 5 4
58%
25 Nordi Mukiele Right-Back 24 2 1
58%
40 Charles Aránguiz Central Midfield 3 0 0
54%
29 Callum Hudson-Odoi Left Winger 14 1 0
50%
24 Mitchel Bakker Left-Back 31 4 2
50%
27 Sardar Azmoun Centre-Forward 22 4 2
50%
33 Borja Iglesias Centre-Forward 10 0 0
46%
32 Daley Sinkgraven Left-Back 11 0 2
38%
28 Martin Terrier Left Winger 20 2 2
33%
31 Timothy Fosu-Mensah Right-Back 12 0 0
33%
22 Arthur Right-Back 33 0 3
29%
26 Kerem Demirbay Central Midfield 24 2 3
29%
20 Nadiem Amiri Central Midfield 37 4 3
29%
37 Mario Hermoso Centre-Back 7 0 0
25%
43 Niklas Lomb Goalkeeper 1 0 0
25%
36 Karim Bellarabi Right Winger 8 0 0
21%
39 Paulinho Left Winger 5 1 0
21%
41 Artem Stepanov Centre-Forward 2 0 0
17%
30 Emiliano Buendía Attacking Midfield 14 2 0
17%
35 Jeanuël Belocian Centre-Back 9 0 0
8%
38 Noah Mbamba Central Midfield 7 0 2
8%
46 Ayman Aourir Attacking Midfield 1 0 0
4%
45 Ayman Azhil Defensive Midfield 1 0 0
4%
42 Francis Onyeka Attacking Midfield 2 0 0
4%
34 Gustavo Puerta Central Midfield 10 0 0
4%
44 Ken Izekor Centre-Forward 1 0 0
4%
No matching quizzes found
Score Distribution
Percent of People with Each Score
Percentile by Number Answered
Your Score History
You have not taken this quiz